| 000 | 00000nam##2200000za#4500 |
| 001 | 9.644243 |
| 003 | CaOODSP |
| 005 | 20250506145324 |
| 007 | cr ||||||||||| |
| 008 | 150407|1975||||xxc|||||o f|0| 0 fre|d |
| 040 | |aCaOODSP|bfre |
| 043 | |an-cn--- |
| 086 | 1 |aA43-869/1975F-PDF |
| 110 | 1 |aCanada.|bAgriculture Canada. |
| 245 | 10|aChaux et autres amendements du sol / |h[ressource électronique]|c[par] H.J. Atkinson. |
| 250 | |aImprimé 1956, révisé 1964, réimprimé 1975 |
| 260 | |aOttawa - Ontario : |bAgriculture Canada |cc1975. |
| 300 | |a8p.|btableau |
| 500 | |a«Cette brochure a été conçue pour vous aider à comprendre le bogue de l'an 2000, les répercussions qu'il peut avoir sur vos opérations et les mesures que vous devrez prendre afin d'assurer la conformité de vos systèmes à l'an 2000.»--Page 1. |
| 500 | |aPublication historique numérisée par Agriculture et Agroalimentaire Canada. |
| 590 | |a15-02-Supp|b2015-02-16 |
| 691 | 07|aProtection civile|2gcpds |
| 691 | 07|aTechnologie agricole|2gcpds |
| 691 | 07|aExploitation agricole|2gcpds |
| 720 | 1 |aAtkinson, H. J. |
| 775 | 08|tLime and other soil amendments / |w(CaOODSP)9.700346 |
| 856 | 40|ahttp://publications.gc.ca|qPDF|s458 Ko|uhttps://publications.gc.ca/collections/collection_2015/aac-aafc/A43-869-1975-fra.pdf |
| 986 | |aPublication 869 |